Uranus and Neptune (Record no. 8684)

MARC details
000 -LEADER
fixed length control field 00804nam a2200205Ia 4500
003 - CONTROL NUMBER IDENTIFIER
control field IN-BaIIA
008 - FIXED-LENGTH DATA ELEMENTS--GENERAL INFORMATION
fixed length control field 211028s9999 xx 000 0 eng d
040 ## - CATALOGING SOURCE
Transcribing agency IIA Library
080 ## - UNIVERSAL DECIMAL CLASSIFICATION NUMBER
Universal Decimal Classification number 523.47
Item number URA
111 ## - MAIN ENTRY--MEETING NAME
Meeting name or jurisdiction name as entry element Workshop on Uranus and Neptune
Location of meeting Pasadena, California
Date of meeting or treaty signing 1984 Feb. 6-8
9 (RLIN) 14591
245 #0 - TITLE STATEMENT
Title Uranus and Neptune
Remainder of title proceedings of a Workshop on Uranus and Nept.une, held in Pasadena, California February 6-8, 1984.
Statement of responsibility, etc. edited by J. T. Bergstralh
260 ## - PUBLICATION, DISTRIBUTION, ETC.
Place of publication, distribution, etc. Washington
Name of publisher, distributor, etc. National Aeronautics and Space Administration
Date of publication, distribution, etc. 1984
300 ## - PHYSICAL DESCRIPTION
Extent vii, 627p.
650 ## - SUBJECT ADDED ENTRY--TOPICAL TERM
Topical term or geographic name entry element Astronomy and Astrophysics thesaurus
650 ## - SUBJECT ADDED ENTRY--TOPICAL TERM
Topical term or geographic name entry element Giant Planets
9 (RLIN) 13884
650 ## - SUBJECT ADDED ENTRY--TOPICAL TERM
Topical term or geographic name entry element Neptune Planets
9 (RLIN) 14592
650 ## - SUBJECT ADDED ENTRY--TOPICAL TERM
Topical term or geographic name entry element Uranus
9 (RLIN) 12160
700 ## - ADDED ENTRY--PERSONAL NAME
Personal name Bergstralh, J. T., ed.
9 (RLIN) 14593
942 ## - ADDED ENTRY ELEMENTS (KOHA)
Koha item type Books
Holdings
Withdrawn status Lost status Damaged status Not for loan Home library Current library Shelving location Date acquired Total Checkouts Full call number Barcode Date last seen Price effective from Koha item type Purchase Price
        IIA Library-Bangalore IIA Library-Bangalore General Stacks 21/05/1986   523.47/ URA 9559 05/11/2021 21/05/1986 Books 93.9

Powered by Koha